[Event "Junior Online 4NCL Division 4"]
[Site "online"]
[Date "2020.10.15"]
[Round "5.222"]
[White "Weisfeld, Raphael"]
[Black "Dhaliwal, Simrun Kaur"]
[Result "0-1"]
[WhiteElo "1082"]
[BlackElo "940"]
[PlyCount "78"]
[EventDate "2020.10.15"]
[WhiteTeam "Tetherdown Bishops"]
[BlackTeam "May The Fork Be With You 8"]

1. e4 e5 2. f4 d6 3. Nf3 Nc6 4. Nc3 Nf6 5. Bc4 Bg4 6. Be2 Be7 7. O-O exf4 8.
Bc4 Ne5 9. Be2 O-O 10. d4 Nxf3+ 11. Bxf3 Be6 12. Bxf4 c6 13. h3 Bc4 14. Re1 c5
15. d5 Ba6 16. Bg4 c4 17. Qf3 Qb6+ 18. Be3 Qxb2 19. Bd4 Qxc2 20. Ne2 Qd3 21.
Qxd3 cxd3 22. Bxf6 Bxf6 23. Rad1 Rfe8 24. Nc3 Bxc3 25. Rf1 Rxe4 26. Bh5 d2 27.
Bxf7+ Kh8 28. Rf5 Re1+ 29. Rf1 Bxf1 30. Rxd2 Bxd2 31. Kf2 Rf8 32. Kg3 Rxf7 33.
a4 Bxg2 34. a5 Bxh3 35. a6 bxa6 36. Kxh3 Rg1 37. Kh2 Be3 38. Kh3 Rf6 39. Kh2
Rh6# 0-1

[Event "Junior Online 4NCL Division 4"]
[Site "online"]
[Date "2020.10.15"]
[Round "5.224"]
[White "Thorburn, Rory"]
[Black "Subramonian, Ananya"]
[Result "1-0"]
[WhiteElo "962"]
[BlackElo "887"]
[PlyCount "49"]
[EventDate "2020.10.15"]
[WhiteTeam "Tetherdown Bishops"]
[BlackTeam "May The Fork Be With You 8"]

1. e4 e5 2. Nf3 Nc6 3. Bc4 Be7 4. d3 Nf6 5. Nc3 Bb4 6. a3 Ba5 7. b4 Bb6 8. b5
Na5 9. a4 Nxc4 10. dxc4 O-O 11. a5 Bc5 12. Nxe5 d6 13. Nd3 Bd4 14. Bb2 Bg4 15.
f3 Be6 16. Nf4 Bxc4 17. Qxd4 d5 18. exd5 Qe8+ 19. Nce2 Bxb5 20. c4 Ba6 21. Nh5
Nxh5 22. Qe5 Qd7 23. Qxh5 b5 24. Qe5 bxc4 25. Qxg7# 1-0

[Event "Junior Online 4NCL Division 4"]
[Site "online"]
[Date "2020.10.15"]
[Round "5.225"]
[White "Leustean, Maia"]
[Black "Patel, Isabella"]
[Result "0-1"]
[WhiteElo "1105"]
[BlackElo "1075"]
[PlyCount "62"]
[EventDate "2020.10.15"]
[WhiteTeam "Tetherdown Bishops"]
[BlackTeam "May The Fork Be With You 8"]

1. e4 e5 2. Nf3 Nc6 3. Bc4 Be7 4. d3 Nf6 5. Be3 O-O 6. Nc3 d6 7. h3 Be6 8. Bxe6
fxe6 9. O-O d5 10. exd5 exd5 11. Bg5 d4 12. Ne4 Nxe4 13. Bxe7 Qxe7 14. dxe4 Qf6
15. Qd3 Qg6 16. Qc4+ Kh8 17. Qd5 Rxf3 18. Rfd1 Rf4 19. Qb3 Qxe4 20. Re1 Qg6 21.
Qd3 e4 22. Qxe4 Rxe4 23. Rxe4 Qxe4 24. c3 dxc3 25. bxc3 Ne5 26. Kh2 Rf8 27. Rf1
Rf4 28. g3 Rf3 29. h4 Ng4+ 30. Kh3 Qc4 31. Rd1 g5 0-1

[Event "Junior Online 4NCL Division 4"]
[Site "online"]
[Date "2020.10.15"]
[Round "5.226"]
[White "Dhaliwal, Simrun Kaur"]
[Black "Weisfeld, Raphael"]
[Result "0-1"]
[WhiteElo "940"]
[BlackElo "1082"]
[PlyCount "68"]
[EventDate "2020.10.15"]
[WhiteTeam "May The Fork Be With You 8"]
[BlackTeam "Tetherdown Bishops"]

1. e4 e5 2. Nf3 Nc6 3. Nc3 Nf6 4. Bb5 Nb4 5. Nxe5 Bd6 6. Nf3 O-O 7. O-O c6 8.
Bc4 Bc7 9. e5 Ng4 10. h3 Nxe5 11. Nxe5 Bxe5 12. Re1 Bc7 13. a3 Nxc2 14. Qxc2
Qf6 15. Ne4 Qf4 16. d3 Qh2+ 17. Kf1 Qh1+ 18. Ke2 Qxg2 19. Be3 Qxh3 20. Rg1 d5
21. Nf6+ Kh8 22. Qc3 dxc4 23. Nd7 Qh5+ 24. f3 Qh2+ 25. Bf2 f6 26. Nxf8 Bf5 27.
Qb4 Qe5+ 28. Be3 cxd3+ 29. Kd2 Ba5 30. Ng6+ hxg6 31. Rh1+ Kg8 32. Bd4 Bxb4+ 33.
axb4 Qe2+ 34. Kc3 Qc2# 0-1

[Event "Junior Online 4NCL Division 4"]
[Site "online"]
[Date "2020.10.15"]
[Round "5.227"]
[White "Bedretdinov, Rasul"]
[Black "Johnson, Reis"]
[Result "1-0"]
[WhiteElo "917"]
[BlackElo "962"]
[PlyCount "59"]
[EventDate "2020.10.15"]
[WhiteTeam "Tetherdown Bishops"]
[BlackTeam "May The Fork Be With You 8"]

1. e4 e5 2. Bc4 Nf6 3. Nc3 Nc6 4. Nf3 Bb4 5. Nd5 Nxe4 6. Nxb4 Nxb4 7. Nxe5 Ng5
8. O-O Qe7 9. Re1 d6 10. Nd3 Ne6 11. Bxe6 Bxe6 12. Nxb4 c5 13. Nd3 O-O 14. Nf4
Rac8 15. Nd5 b6 16. Nxe7+ Kh8 17. Nxc8 Rxc8 18. d3 c4 19. dxc4 a6 20. Qxd6 Bxc4
21. Qxb6 h5 22. Bd2 Rd8 23. Qxd8+ Kh7 24. b3 Be6 25. Qd3+ g6 26. Rxe6 fxe6 27.
Qd7+ Kh8 28. Re1 Kg8 29. Rxe6 Kf8 30. Re8# 1-0

[Event "Junior Online 4NCL Division 4"]
[Site "online"]
[Date "2020.10.15"]
[Round "5.228"]
[White "Subramonian, Ananya"]
[Black "Thorburn, Rory"]
[Result "1-0"]
[WhiteElo "887"]
[BlackElo "962"]
[PlyCount "33"]
[EventDate "2020.10.15"]
[WhiteTeam "May The Fork Be With You 8"]
[BlackTeam "Tetherdown Bishops"]

1. e4 e5 2. Nf3 Nc6 3. Bc4 Bc5 4. Ng5 Qxg5 5. d4 exd4 6. Bxg5 f6 7. Bh4 d6 8.
c3 dxc3 9. Nxc3 Na5 10. Bd5 c6 11. Bxg8 Rxg8 12. O-O Nc4 13. b3 Nb2 14. Qh5+ g6
15. Qxh7 Kf8 16. Bxf6 Be6 17. Qe7# 1-0

[Event "Junior Online 4NCL Division 4"]
[Site "online"]
[Date "2020.10.15"]
[Round "5.231"]
[White "Chun, Louis"]
[Black "Marshall, Wilfred"]
[Result "0-1"]
[WhiteElo "1000"]
[BlackElo "887"]
[PlyCount "40"]
[EventDate "2020.10.15"]
[WhiteTeam "Surrey Kings 4"]
[BlackTeam "Barnet Knights G"]

1. e4 e5 2. Nf3 Nc6 3. Bc4 d6 4. d3 Be7 5. Nc3 Nf6 6. Bg5 O-O 7. Nd5 Nxd5 8.
Bxe7 Ndxe7 9. O-O Bg4 10. Qd2 a6 11. Ng5 h6 12. Nf3 Bxf3 13. gxf3 Ng6 14. Qe3
Nf4 15. Kh1 Qg5 16. Rg1 Qe7 17. Qe1 Qh4 18. Qc3 Qh3 19. Bd5 Qxf3+ 20. Rg2 Qxg2#
0-1

[Event "Junior Online 4NCL Division 4"]
[Site "online"]
[Date "2020.10.15"]
[Round "5.232"]
[White "Scheffel, Oliver"]
[Black "Liu, Reuben"]
[Result "1-0"]
[WhiteElo "812"]
[BlackElo "1000"]
[PlyCount "41"]
[EventDate "2020.10.15"]
[WhiteTeam "Barnet Knights G"]
[BlackTeam "Surrey Kings 4"]

1. e4 e5 2. Nc3 Nc6 3. Nf3 Nf6 4. Bc4 Bc5 5. Ng5 d6 6. Nxf7 Qe7 7. Nxh8 Bg4 8.
Be2 Bxe2 9. Nxe2 Nxe4 10. O-O Qh4 11. Qe1 Nd4 12. Nxd4 Bxd4 13. g3 Qg4 14. Kg2
Nxd2 15. Qxd2 Bxf2 16. Qxf2 Qe4+ 17. Kg1 O-O-O 18. Qxa7 Rxh8 19. Qa8+ Kd7 20.
Qxh8 Qe3+ 21. Bxe3 1-0

[Event "Junior Online 4NCL Division 4"]
[Site "online"]
[Date "2020.10.15"]
[Round "5.233"]
[White "Baker, Luke"]
[Black "Grose, Ariyana"]
[Result "1-0"]
[WhiteElo "1000"]
[BlackElo "880"]
[PlyCount "69"]
[EventDate "2020.10.15"]
[WhiteTeam "Surrey Kings 4"]
[BlackTeam "Barnet Knights G"]

1. e4 e5 2. Nf3 Nc6 3. Bb5 Nf6 4. d3 Bb4+ 5. Nc3 Bc5 6. Bg5 d6 7. Bxc6+ Bd7 8.
Bxd7+ Qxd7 9. O-O Qe6 10. Nb5 h6 11. Nxc7+ Kd7 12. Nxe6 Kxe6 13. Bxf6 gxf6 14.
c3 Rhg8 15. Qb3+ Ke7 16. d4 exd4 17. cxd4 Bb6 18. Rfc1 Rac8 19. Rxc8 Rxc8 20.
e5 dxe5 21. dxe5 fxe5 22. Nxe5 f6 23. Qf7+ Kd6 24. Qd7+ Kxe5 25. Qxc8 Ke4 26.
Qxb7+ Kf5 27. Re1 Kg4 28. Qg7+ Kh5 29. Qxf6 Kg4 30. Qg6+ Kf4 31. Qxh6+ Kf5 32.
Qf8+ Kg4 33. Re7 Kh4 34. Rg7 Kh5 35. Qh8# 1-0

[Event "Junior Online 4NCL Division 4"]
[Site "online"]
[Date "2020.10.15"]
[Round "5.235"]
[White "Marshall, Wilfred"]
[Black "Chun, Louis"]
[Result "1-0"]
[WhiteElo "887"]
[BlackElo "1000"]
[PlyCount "49"]
[EventDate "2020.10.15"]
[WhiteTeam "Barnet Knights G"]
[BlackTeam "Surrey Kings 4"]

1. e4 d5 2. e5 Nc6 3. d4 Nxd4 4. Qxd4 Bf5 5. c4 dxc4 6. Qxd8+ Rxd8 7. Bxc4 Be4
8. Nf3 Bxf3 9. gxf3 e6 10. O-O Bc5 11. Nc3 Bd4 12. Rd1 Bxc3 13. Rxd8+ Kxd8 14.
bxc3 Nh6 15. Ba3 Nf5 16. Rd1+ Kc8 17. Bb5 Nd6 18. exd6 cxd6 19. Rxd6 Kc7 20.
Rd7+ Kb6 21. c4 Ka5 22. Rxb7 Rd8 23. Bc5 Rd1+ 24. Kg2 Rd2 25. Rxa7# 1-0

[Event "Junior Online 4NCL Division 4"]
[Site "online"]
[Date "2020.10.15"]
[Round "5.236"]
[White "Liu, Reuben"]
[Black "Scheffel, Oliver"]
[Result "0-1"]
[WhiteElo "1000"]
[BlackElo "812"]
[PlyCount "21"]
[EventDate "2020.10.15"]
[WhiteTeam "Surrey Kings 4"]
[BlackTeam "Barnet Knights G"]

1. e4 e5 2. Nc3 Nc6 3. Bc4 Bc5 4. Qh5 Qe7 5. d3 Nf6 6. Qf5 d5 7. exd5 Bxf5 8.
d6 Qxd6 9. Bg5 Ng4 10. O-O-O Nxf2 11. Kb1 0-1

[Event "Junior Online 4NCL Division 4"]
[Site "online"]
[Date "2020.10.15"]
[Round "5.237"]
[White "Grose, Ariyana"]
[Black "Baker, Luke"]
[Result "0-1"]
[WhiteElo "880"]
[BlackElo "1000"]
[PlyCount "52"]
[EventDate "2020.10.15"]
[WhiteTeam "Barnet Knights G"]
[BlackTeam "Surrey Kings 4"]

1. e4 e5 2. Nf3 Nf6 3. Bc4 Bc5 4. b4 Bxb4 5. c3 Bc5 6. d4 exd4 7. cxd4 Bb4+ 8.
Bd2 Bxd2+ 9. Nbxd2 Qe7 10. Qe2 O-O 11. O-O Re8 12. Ng5 h6 13. e5 hxg5 14. exf6
Qxe2 15. Bxe2 Rxe2 16. Rae1 Rxd2 17. Re8+ Kh7 18. Rxc8 Rxa2 19. Rxc7 Rb2 20.
Rc3 a5 21. Rh3+ Kg6 22. Rd1 a4 23. Ra3 gxf6 24. Rda1 Nc6 25. Rxa4 Rxa4 26. Rxa4
Rb1# 0-1

[Event "Junior Online 4NCL Division 4"]
[Site "online"]
[Date "2020.10.15"]
[Round "5.241"]
[White "Saunders, Oliver"]
[Black "Man, Felix"]
[Result "1-0"]
[WhiteElo "1052"]
[BlackElo "940"]
[PlyCount "181"]
[EventDate "2020.10.15"]
[WhiteTeam "Barnet Knights F"]
[BlackTeam "Muswell Hill Primary"]

1. e4 e5 2. Nf3 Nc6 3. Bc4 Bc5 4. Nc3 Nf6 5. Ng5 O-O 6. d3 h6 7. Nf3 d6 8. a3
Bg4 9. h3 Be6 10. Bxe6 fxe6 11. O-O d5 12. exd5 exd5 13. Re1 Re8 14. Nh4 Qd6
15. Nb5 Qd7 16. Ng6 Kf7 17. Nh4 a6 18. Nc3 Nd4 19. Be3 Ne6 20. Bxc5 Nxc5 21.
Qd2 Red8 22. b4 Ne6 23. Rxe5 d4 24. Ne4 Nxe4 25. Rxe4 Qc6 26. Qe2 Re8 27. Qf3+
Kg8 28. Nf5 Qd7 29. Qg4 Rf8 30. Nxh6+ Kh7 31. Nf5 Rf6 32. Qh5+ Kg8 33. h4 Raf8
34. g4 Qf7 35. Qxf7+ R8xf7 36. Rf1 Rd7 37. Rfe1 Kf7 38. Ng3 Kg8 39. Rxe6 Rxe6
40. Rxe6 Kf7 41. Re4 Kf6 42. g5+ Kg6 43. f4 Kf7 44. Kf2 g6 45. Kf3 Kg7 46. Kg4
Kf7 47. f5 gxf5+ 48. Kxf5 Rd5+ 49. Re5 Rd6 50. Ne4 Rd7 51. g6+ Kg7 52. h5 Kh6
53. Kg4 b5 54. Nc5 a5 55. bxa5 Rd8 56. Ne6 Re8 57. Re4 Rc8 58. Rxd4 c5 59. Rd5
c4 60. Rxb5 cxd3 61. cxd3 Rc3 62. a6 Rxa3 63. Rb7 Ra4+ 64. Kf5 Kxh5 65. Kf6
Rxa6 66. Kf7 Kh6 67. g7 Ra8 68. g8=Q Rxg8 69. Kxg8 Kg6 70. Nc7 Kf5 71. Na8 Ke5
72. Rd7 Ke6 73. Rh7 Kd5 74. Kf7 Kd4 75. Ke6 Kxd3 76. Kd5 Ke3 77. Rh4 Kf3 78.
Ke5 Kg3 79. Rb4 Kf3 80. Rc4 Kg3 81. Kf5 Kh3 82. Kg5 Kg3 83. Rc3+ Kf2 84. Kf4
Kg2 85. Rd3 Kf2 86. Rd2+ Ke1 87. Ke3 Kf1 88. Ra2 Kg1 89. Kf3 Kh1 90. Kg3 Kg1
91. Ra1# 1-0

[Event "Junior Online 4NCL Division 4"]
[Site "online"]
[Date "2020.10.15"]
[Round "5.242"]
[White "Shetty, Ahan"]
[Black "Rupani, Adam"]
[Result "1-0"]
[WhiteElo "1000"]
[BlackElo "1045"]
[PlyCount "50"]
[EventDate "2020.10.15"]
[WhiteTeam "Muswell Hill Primary"]
[BlackTeam "Barnet Knights F"]

1. e4 e5 2. Qh5 g6 3. Qxe5+ Qe7 4. Qxh8 d6 5. Qxg8 Nc6 6. Nc3 Ne5 7. d4 Nd7 8.
Bb5 c6 9. Ba4 Rb8 10. d5 cxd5 11. Bxd7+ Bxd7 12. Bh6 Kd8 13. Bxf8 Qe8 14. Nxd5
Bg4 15. Be7+ Kd7 16. Qxe8+ Kxe8 17. Bxd6 Rc8 18. Nf3 Rc6 19. Nc7+ Rxc7 20. Bxc7
Be6 21. O-O-O g5 22. Nxg5 Bd7 23. Rd2 Ke7 24. Rhd1 Bc8 25. Bd8+ Kf8 1-0

[Event "Junior Online 4NCL Division 4"]
[Site "online"]
[Date "2020.10.15"]
[Round "5.244"]
[White "Turner, Howie"]
[Black "Ehrlich, Ben"]
[Result "0-1"]
[WhiteElo "925"]
[BlackElo "887"]
[PlyCount "44"]
[EventDate "2020.10.15"]
[WhiteTeam "Muswell Hill Primary"]
[BlackTeam "Barnet Knights F"]

1. e4 e5 2. Bc4 Nf6 3. Nc3 Nxe4 4. Nxe4 d5 5. Bb5+ c6 6. Nd6+ Bxd6 7. Bd3 e4 8.
Be2 Qc7 9. Nh3 Bxh2 10. Rf1 Bd6 11. Ng5 h6 12. Nh3 Bxh3 13. gxh3 Qe7 14. d4 Qh4
15. Be3 Qxh3 16. f4 Qg3+ 17. Bf2 Qxf4 18. Bg1 Qh4+ 19. Bf2 Bg3 20. a4 e3 21.
Bxg3 Qxg3+ 22. Rf2 Qxf2# 0-1

[Event "Junior Online 4NCL Division 4"]
[Site "online"]
[Date "2020.10.15"]
[Round "5.245"]
[White "Man, Felix"]
[Black "Saunders, Oliver"]
[Result "1-0"]
[WhiteElo "940"]
[BlackElo "1052"]
[PlyCount "43"]
[EventDate "2020.10.15"]
[WhiteTeam "Muswell Hill Primary"]
[BlackTeam "Barnet Knights F"]

1. e4 e5 2. Nf3 Nc6 3. Nc3 Nf6 4. Bc4 Bc5 5. h3 d6 6. d3 h6 7. O-O Nd4 8. Be3
Be6 9. Bb3 Nxb3 10. cxb3 Bxe3 11. fxe3 O-O 12. d4 exd4 13. exd4 d5 14. exd5
Nxd5 15. Nxd5 Bxd5 16. Qd3 Bxf3 17. Rxf3 Qd7 18. Rd1 Rfd8 19. Rg3 b6 20. Qc3
Rac8 21. d5 c6 22. Qxg7# 1-0

[Event "Junior Online 4NCL Division 4"]
[Site "online"]
[Date "2020.10.15"]
[Round "5.246"]
[White "Rupani, Adam"]
[Black "Shetty, Ahan"]
[Result "0-1"]
[WhiteElo "1045"]
[BlackElo "1000"]
[PlyCount "58"]
[EventDate "2020.10.15"]
[WhiteTeam "Barnet Knights F"]
[BlackTeam "Muswell Hill Primary"]

1. e3 e5 2. Bb5 Nf6 3. Bc4 Nc6 4. Qf3 d5 5. d4 dxc4 6. dxe5 Nxe5 7. Qf4 b5 8.
Qg5 Nc6 9. f4 Ne4 10. Qg4 Bxg4 11. h3 Bf5 12. Nf3 Bb4+ 13. c3 Bc5 14. O-O b4
15. cxb4 Nxb4 16. g4 Nc2 17. gxf5 Nxa1 18. b4 Bxb4 19. a4 Nb3 20. Nfd2 Bxd2 21.
Bxd2 Nexd2 22. Nxd2 Nxd2 23. Rd1 Nf3+ 24. Kf1 Qxd1+ 25. Kf2 Nd2 26. Kg3 Qf3+
27. Kh2 Nf1+ 28. Kg1 Nxe3 29. Kh2 Qg2# 0-1

[Event "Junior Online 4NCL Division 4"]
[Site "online"]
[Date "2020.10.15"]
[Round "5.251"]
[White "Korossi, Nandi"]
[Black "Querfurth Waterman, Tal"]
[Result "1-0"]
[WhiteElo "1610"]
[BlackElo "850"]
[PlyCount "47"]
[EventDate "2020.10.15"]
[WhiteTeam "Wanstead Warriors"]
[BlackTeam "Eden Primary Bishops"]

1. d4 d5 2. Bf4 Bf5 3. Nf3 Nc6 4. e3 e6 5. c4 Bxb1 6. Rxb1 Bb4+ 7. Nd2 Bxd2+ 8.
Qxd2 dxc4 9. Bxc4 Nf6 10. f3 Qe7 11. a3 e5 12. dxe5 Nxe5 13. Qd4 Nxc4 14. Qxc4
O-O-O 15. O-O Kb8 16. Rbc1 Rc8 17. Rc2 Ne8 18. b4 b6 19. a4 Nd6 20. Qc6 Qe6 21.
a5 bxa5 22. bxa5 Ne8 23. Rb1+ Qb3 24. Rxb3# 1-0

[Event "Junior Online 4NCL Division 4"]
[Site "online"]
[Date "2020.10.15"]
[Round "5.252"]
[White "Marks, Rory"]
[Black "Demetriou, Jay"]
[Result "0-1"]
[WhiteElo "827"]
[BlackElo "1519"]
[PlyCount "68"]
[EventDate "2020.10.15"]
[WhiteTeam "Eden Primary Bishops"]
[BlackTeam "Wanstead Warriors"]

1. e4 c5 2. Nf3 d6 3. Bc4 Nc6 4. Ng5 Ne5 5. Bd5 Nf6 6. f4 Nxd5 7. fxe5 Nf4 8.
d4 Nxg2+ 9. Kf2 Nh4 10. exd6 exd6 11. dxc5 Qf6+ 12. Ke1 Ng2+ 13. Ke2 Bg4+ 14.
Kd2 Bxd1 15. Kxd1 dxc5 16. Nc3 O-O-O+ 17. Ke2 Nf4+ 18. Bxf4 Qxf4 19. Rhf1 Qxg5
20. Nd5 Qh5+ 21. Ke3 c4 22. Nf4 Qg5 23. b3 Bc5+ 24. Kf3 Bd6 25. Nh3 Qh5+ 26.
Kg2 Qe2+ 27. Rf2 Qxe4+ 28. Rf3 Bc7 29. Ng5 Qg4+ 30. Kf2 Qxg5 31. Rxf7 Rd2+ 32.
Kf3 Qg2+ 33. Ke3 Re8+ 34. Re7 Rxe7# 0-1

[Event "Junior Online 4NCL Division 4"]
[Site "online"]
[Date "2020.10.15"]
[Round "5.254"]
[White "Feldman, Joshua"]
[Black "Wieleba, Hugo"]
[Result "0-1"]
[WhiteElo "850"]
[BlackElo "1384"]
[PlyCount "98"]
[EventDate "2020.10.15"]
[WhiteTeam "Eden Primary Bishops"]
[BlackTeam "Wanstead Warriors"]

1. e4 e5 2. Bc4 a5 3. Nf3 Nc6 4. d3 Nf6 5. Ng5 d5 6. exd5 Nxd5 7. Bxd5 Qxd5 8.
Nc3 Qd8 9. O-O h6 10. Nge4 Nd4 11. Nc5 Bxc5 12. Ne4 Ba7 13. c3 Nc6 14. b3 Bf5
15. Ng3 Bxd3 16. Re1 O-O 17. Nh5 g6 18. Nf6+ Qxf6 19. Qxd3 Bxf2+ 20. Kf1 Bxe1+
21. Kxe1 Qh4+ 22. g3 Qxh2 23. Qd2 Qxg3+ 24. Ke2 Rad8 25. Qc2 Qg2+ 26. Ke1 Qxc2
27. Bxh6 Rd1+ 28. Rxd1 Qxc3+ 29. Ke2 Qc2+ 30. Rd2 Qe4+ 31. Kd1 Qh1+ 32. Ke2
Qxh6 33. b4 Qh5+ 34. Ke3 Rd8 35. Rxd8+ Nxd8 36. bxa5 g5 37. a6 bxa6 38. a4 g4
39. Kf2 Qg5 40. Kg1 g3 41. Kf1 Qe3 42. Kg2 Qf2+ 43. Kh3 Qh2+ 44. Kg4 g2 45. Kf3
g1=Q 46. Ke4 Qe2+ 47. Kd5 Qgd1+ 48. Kc5 Qe3+ 49. Kc4 Qdd4# 0-1

[Event "Junior Online 4NCL Division 4"]
[Site "online"]
[Date "2020.10.15"]
[Round "5.255"]
[White "Querfurth Waterman, Tal"]
[Black "Korossi, Nandi"]
[Result "1-0"]
[WhiteElo "850"]
[BlackElo "1610"]
[PlyCount "52"]
[EventDate "2020.10.15"]
[WhiteTeam "Eden Primary Bishops"]
[BlackTeam "Wanstead Warriors"]

1. e4 e5 2. Nc3 Nc6 3. Bc4 Nf6 4. Nf3 Nxe4 5. Nxe4 d5 6. Bd3 dxe4 7. Bxe4 Bd7
8. Bxc6 Bxc6 9. O-O Bd6 10. d3 O-O 11. Ne1 Qh4 12. g3 Qh3 13. Be3 Rad8 14. c4
e4 15. d4 h5 16. d5 Bd7 17. c5 Bb5 18. Nc2 Bxf1 19. Qxf1 Qxf1+ 20. Kxf1 Be5 21.
Bg5 f6 22. Be3 Rxd5 23. Re1 Rfd8 24. Na3 Bxb2 25. Rd1 Rxd1+ 26. Ke2 Bxa3 1-0

[Event "Junior Online 4NCL Division 4"]
[Site "online"]
[Date "2020.10.15"]
[Round "5"]
[White "Demetriou, Jay"]
[Black "Marks, Rory"]
[Result "1-0"]
[WhiteElo "1519"]
[BlackElo "827"]
[PlyCount "91"]
[EventDate "2020.10.15"]
[WhiteTeam "Wanstead Warriors"]
[BlackTeam "Eden Primary Bishops"]

1. e4 e5 2. Nf3 Nc6 3. d4 exd4 4. Nxd4 Nxd4 5. Qxd4 b6 6. Nc3 Bc5 7. Qxg7 Qf6
8. Qxf6 Nxf6 9. Be2 Ng4 10. Bxg4 Rg8 11. Bf3 Bb7 12. O-O O-O-O 13. Nd5 Bxd5 14.
exd5 Rg6 15. Bf4 c6 16. dxc6 dxc6 17. Rad1 Rxd1 18. Rxd1 Rf6 19. Bg3 Re6 20.
Bg4 Bf8 21. Bxe6+ fxe6 22. Rd3 b5 23. Bh4 c5 24. Rd8+ Kc7 25. Rxf8 b4 26. f3 a5
27. Kf2 a4 28. Be7 Kc6 29. Ke3 Kb5 30. Rb8+ Kc6 31. c3 bxc3 32. bxc3 c4 33. Rd8
Kb5 34. Rc8 a3 35. Bxa3 Ka4 36. Rb8 Kxa3 37. Kd4 Kxa2 38. Kxc4 e5 39. Kd3 Ka3
40. Kc2 Ka4 41. c4 Ka5 42. c5 Ka6 43. c6 Ka7 44. c7 Ka6 45. c8=Q+ Ka7 46. Qb7#
1-0

[Event "Junior Online 4NCL Division 4"]
[Site "online"]
[Date "2020.10.15"]
[Round "5.1"]
[White "Block, Leo"]
[Black "Walsh, Cole"]
[Result "0-1"]
[WhiteElo "887"]
[BlackElo "1478"]
[PlyCount "22"]
[EventDate "2020.10.15"]
[WhiteTeam "Eden Primary Bishops"]
[BlackTeam "Wanstead Warriors"]

1. e4 e5 2. Bc4 Nf6 3. Nf3 d5 4. Ng5 dxc4 5. O-O Nfd7 6. Na3 Qxg5 7. Nxc4 Nc5
8. Na5 Qh5 9. Qxh5 Nxe4 10. Re1 Nf6 11. Qh6 gxh6 0-1

[Event "Junior Online 4NCL Division 4"]
[Site "online"]
[Date "2020.10.15"]
[Round "5.5"]
[White "Govindu, Aashrith Reddy"]
[Black "Bommi, Praneeth"]
[Result "1-0"]
[WhiteElo "1075"]
[BlackElo "887"]
[PlyCount "53"]
[EventDate "2020.10.15"]
[WhiteTeam "Manchester Juniors E"]
[BlackTeam "Uxbridge Juniors C"]

1. e4 e6 2. Nf3 b6 3. Bc4 Nc6 4. Nc3 Qf6 5. d4 Bb7 6. d5 Na5 7. b3 Qxc3+ 8. Bd2
Qxa1 9. Qxa1 Nf6 10. Bxa5 bxa5 11. e5 Ne4 12. Qd4 Bb4+ 13. Kd1 Nc3+ 14. Kc1
Ne2+ 15. Bxe2 Bxd5 16. Bb5 Rb8 17. Ba6 O-O 18. Bd3 Ba3+ 19. Kb1 Rb4 20. c4 Bc6
21. Qh4 g6 22. Ng5 h5 23. Be2 d5 24. Bxh5 Rfb8 25. Bxg6 fxg6 26. Qh7+ Kf8 27.
Qf7# 1-0

[Event "Junior Online 4NCL Division 4"]
[Site "online"]
[Date "2020.10.15"]
[Round "5.6"]
[White "Bhargava, Arnav"]
[Black "Turner, Rufus"]
[Result "1-0"]
[WhiteElo "700"]
[BlackElo "1000"]
[PlyCount "27"]
[EventDate "2020.10.15"]
[WhiteTeam "Uxbridge Juniors C"]
[BlackTeam "Manchester Juniors E"]

1. d4 d5 2. c4 dxc4 3. e3 e6 4. Bxc4 Bb4+ 5. Nc3 Nf6 6. a3 O-O 7. axb4 b6 8.
Ne4 a5 9. Nxf6+ gxf6 10. Bb3 axb4 11. Bc2 Rxa1 12. Qd3 Rxc1+ 13. Ke2 e5 14.
Qxh7# 1-0

[Event "Junior Online 4NCL Division 4"]
[Site "online"]
[Date "2020.10.15"]
[Round "5.7"]
[White "Winser, Frederick"]
[Black "Raja, Nithilan"]
[Result "1-0"]
[WhiteElo "925"]
[BlackElo "775"]
[PlyCount "87"]
[EventDate "2020.10.15"]
[WhiteTeam "Manchester Juniors E"]
[BlackTeam "Uxbridge Juniors C"]

1. e4 e5 2. Nf3 d6 3. Bc4 Nf6 4. Ng5 Rg8 5. Qf3 Be7 6. O-O Bg4 7. Qg3 h6 8. Nf3
Qd7 9. Re1 b5 10. Bd5 Nxd5 11. exd5 Bxf3 12. Qxf3 g6 13. d3 h5 14. c3 Qg4 15.
Qxg4 hxg4 16. h3 f5 17. hxg4 fxg4 18. Re4 c6 19. dxc6 Nxc6 20. Rxg4 Bf6 21. Bg5
Rf8 22. Bxf6 Rxf6 23. c4 bxc4 24. dxc4 O-O-O 25. Nc3 Nd4 26. Nb5 Nc2 27. Nxa7+
Kb8 28. Nc6+ Kc8 29. Rc1 d5 30. Nxd8 Rf8 31. Rxc2 Rxd8 32. cxd5+ Kb7 33. Rxg6
Rxd5 34. Rg7+ Kb6 35. a4 Ka5 36. Ra7+ Kb6 37. Rac7 Rc5 38. R2xc5 Ka6 39. R5c6+
Ka5 40. Ra7+ Kb4 41. Rb7+ Ka5 42. Rc5+ Kxa4 43. Rc8 Ka5 44. Ra8# 1-0

[Event "Junior Online 4NCL Division 4"]
[Site "online"]
[Date "2020.10.15"]
[Round "5.9"]
[White "Bommi, Praneeth"]
[Black "Govindu, Aashrith Reddy"]
[Result "1-0"]
[WhiteElo "887"]
[BlackElo "1075"]
[PlyCount "65"]
[EventDate "2020.10.15"]
[WhiteTeam "Uxbridge Juniors C"]
[BlackTeam "Manchester Juniors E"]

1. e3 e5 2. b3 d5 3. Bb2 Nc6 4. Nf3 Bd6 5. d4 exd4 6. Nxd4 Nxd4 7. Bxd4 Nf6 8.
Nc3 Ng4 9. Be2 Nf6 10. Bf3 Bf5 11. Nxd5 Nxd5 12. Bxd5 c6 13. Bf3 Qh4 14. Bxg7
Rg8 15. Bb2 Qb4+ 16. c3 Qb5 17. Qxd6 Rd8 18. Be2 Qb6 19. Qe5+ Be6 20. O-O Rd5
21. Qb8+ Rd8 22. Qe5 f6 23. Qxe6+ Kf8 24. Ba3+ Kg7 25. Qg4+ Kh8 26. Qf5 Qc7 27.
Qxf6+ Rg7 28. Bc4 Qd7 29. Be6 Qe7 30. Bxe7 Re8 31. Bf8 Rxf8 32. Qxf8+ Rg8 33.
Qxg8# 1-0

[Event "Junior Online 4NCL Division 4"]
[Site "online"]
[Date "2020.10.15"]
[Round "5.10"]
[White "Turner, Rufus"]
[Black "Bhargava, Arnav"]
[Result "0-1"]
[WhiteElo "1000"]
[BlackElo "700"]
[PlyCount "36"]
[EventDate "2020.10.15"]
[WhiteTeam "Manchester Juniors E"]
[BlackTeam "Uxbridge Juniors C"]

1. e4 e5 2. Bc4 Bc5 3. Nf3 Nc6 4. O-O Nf6 5. Nxe5 Nxe5 6. c3 Bd6 7. d4 Nxc4 8.
e5 Nxe5 9. dxe5 Bxe5 10. Re1 d6 11. b4 Nd5 12. Nd2 Qg5 13. g3 Bh3 14. Nf3 Qg6
15. Nxe5 dxe5 16. Rxe5+ Ne7 17. Qd2 Qc6 18. Ba3 Qg2# 0-1

[Event "Junior Online 4NCL Division 4"]
[Site "online"]
[Date "2020.10.15"]
[Round "5.11"]
[White "Raja, Nithilan"]
[Black "Winser, Frederick"]
[Result "0-1"]
[WhiteElo "775"]
[BlackElo "925"]
[PlyCount "100"]
[EventDate "2020.10.15"]
[WhiteTeam "Uxbridge Juniors C"]
[BlackTeam "Manchester Juniors E"]

1. d4 Nf6 2. e4 Nxe4 3. Nf3 Nc6 4. Bd3 d5 5. Nc3 Nxc3 6. bxc3 Bg4 7. h3 Bxf3 8.
Qxf3 e5 9. c4 exd4 10. cxd5 Nb4 11. O-O Nxd3 12. cxd3 Be7 13. Bf4 O-O 14. Qg3
Qxd5 15. Bxc7 Rac8 16. f3 Qc5 17. Be5 Bd6 18. Bxd6 Qc3 19. Rfc1 Qxd3 20. Rd1
Qe3+ 21. Qf2 Qxf2+ 22. Kxf2 Rfe8 23. Rxd4 Rc2+ 24. Kg3 Rd8 25. Rad1 h6 26. f4
Rxa2 27. R4d2 Ra3+ 28. Rd3 Rxd3+ 29. Rxd3 a5 30. Be7 Rxd3+ 31. Kf2 a4 32. Ke2
Rd7 33. Ba3 b5 34. Ke1 Kh7 35. Bb2 b4 36. Ba1 a3 37. Ke2 b3 38. Ke3 b2 39. Bxb2
axb2 40. Ke2 b1=Q 41. Ke3 Re7+ 42. Kf3 Qe4+ 43. Kg4 Qe6+ 44. Kf3 Qc6+ 45. Kg4
Qc5 46. g3 h5+ 47. Kf3 Re3+ 48. Kf2 Ra3+ 49. Ke2 Qc2+ 50. Ke1 Ra1# 0-1

[Event "Junior Online 4NCL Division 4"]
[Site "online"]
[Date "2020.10.15"]
[Round "5.15"]
[White "Carter, Olvier"]
[Black "Kumaar, Sai Chinmayee N"]
[Result "0-1"]
[WhiteElo "1000"]
[BlackElo "1472"]
[PlyCount "22"]
[EventDate "2020.10.15"]
[WhiteTeam "Surrey Kings 3"]
[BlackTeam "York"]

1. e4 c5 2. Bc4 d6 3. Qf3 Nf6 4. d3 Nc6 5. Bg5 Nd4 6. Qe3 Nxc2+ 7. Ke2 Nxe3 8.
Kxe3 d5 9. exd5 Nxd5+ 10. Ke4 f5+ 11. Ke5 Qd6# 0-1